000 00917nam a22002297a 4500
008 090318t xxu||||| |||| 00| 0 eng d
010 _aENG-93232
020 _c50.00
035 _aEN-76765
037 _bDBAD / PUB
040 _adpl
_bEnglish
082 _a883.08
100 _aAnnal, G.
245 _aPsychological realism in the novels of D.H. Lawrence/
_cby G. Annal
260 _c2008
_aVriddhachalam
_bAndrew Sam Publications
270 _a17F, Krishna Nagar, Betheale St.
_bVriddhachalam
300 _a90p.
_c20cm (pbk)
600 _aLawrence, D. H. (David Herbert), 1885-1930.
_xCriticism and interpretation.
650 _aEnglish fiction
_xCriticism and interpretation.
942 _2ddc
_cEN
_mANN
_h883.08
999 _c25338
_d25338